PRACTICE TEST PAPERS FOR JUDICIAL SERVIC (Record no. 23943)

MARC details
000 -LEADER
fixed length control field 00366nam a2200133Ia 4500
008 - FIXED-LENGTH DATA ELEMENTS--GENERAL INFORMATION
fixed length control field 240624s9999 xx 000 0 und d
041 ## - LANGUAGE CODE
Language code of text/sound track or separate title eng
082 ## - DEWEY DECIMAL CLASSIFICATION NUMBER
Classification number 340 MEH
100 ## - MAIN ENTRY--PERSONAL NAME
Personal name MEHTA GAURAV
245 ## - TITLE STATEMENT
Title PRACTICE TEST PAPERS FOR JUDICIAL SERVIC
260 ## - PUBLICATION, DISTRIBUTION, ETC.
Date of publication, distribution, etc. 2013
Place of publication, distribution, etc. New Delhi
Name of publisher, distributor, etc. Universal Law Publishing Co.
300 ## - PHYSICAL DESCRIPTION
Extent xiv, : 406 : p. : cm. ; 23
365 ## - TRADE PRICE
Currency code RS
Price amount 15
Holdings
Withdrawn status Lost status Damaged status Not for loan Home library Current library Shelving location Date acquired Source of acquisition Cost, normal purchase price Full call number Barcode Date last seen Copy number Price effective from Koha item type
        IMTN IMTN Rack 14-B 12/12/2014 SLH 425.00 340 MEH 23943 06/24/2024 1 06/24/2024 Books
Designed & Maintained by: LRC IMT Nagpur Contact: lrc@imtnag.ac.in© 2024. All Rights Reserved.